000 00541nam a2200181Ia 4500
001 23753
005 20260414150958.0
008 260414t2016||||xx |||||||||||||| ||spa||
041 _aESP
082 _a704.9482
_bA86
100 _aAtehortúa Atehortúa, Arbey
_eAUT
245 0 _aLa palabra escrita en el arte colonial :
_bsobre las relaciones entre pintura y código lingüístico en el arte colonial neogranadino
260 _c2016
300 _a79 páginas :
_c24 cm.
650 _aABD
654 _aCAU
942 _cLIB
_dJUS
_fJUS
_2ddc
_n
999 _c23753
_d23753